1695 1373 1845 1941 1072 1790 1611 1661 1015 1822 1441 1300 1901 1057 1529 1700 1203 1163 1435 1128 1454 1177 1693 1838 1776 1629 1235 1483 1893 1088 1647 1645 1860 1898 1912 1804 1945 1429 1819 1345 1926 1813 1903 1297 1837 1216 1173 1333 1669 1328 1256 1946 1112 1838 1642 1526 1156 1729 1634 1855 1412 1953 1932 1618 1516 1181 1078 1973 1501 1121 1994 1711 1986 1209 1466 1088 1134 1463 1326 1668 1027 1614 1977 1297 1397 1621 1066 1540 1771 1670 1813 1114 1798 1013 1658 1966 1531 1792 1165 BCNSPRNW ULIB Ver.6.0+V

เปลี่ยนเป็นภาษาไทย

Change to English
 แสดงรายละเอียดบรรณานุกรม
  กลับหน้าหลัก

Brief Record : Get Marc (ISO 2709) : E-mail record : QR code < ปิดหน้าต่าง
LEADER : 00000nam 2200000uu 4500
001    13399112787
003     ULIB
008    110908s2550||||th 000 0 tha d
020    9789740319641
050 04 LB1779^bผ113ค 2550
100 0  ผกา สัตยธรรม
245 10 คุณธรรมของครู/^cผกา สัตยธรรม
250    พิมพ์ครั้งที่ 2
260    กรุงเทพฯ :^bโรงพิมพ์แห่งจุฬาลงกรณ์มหาวิทยาลัย,^c2550
300    423 หน้า
504    บรรณานุกรม: หน้า [405]-418
650  7 ครู^xจรรยาบรรณ
650  7 ครู^xแง่ศีลธรรมจรรยา
945    ^p280^l0^i027193
945    ^p280^l0^i027194
995    ทศพร
999 ^a ทศพร
รายการนี้ยังไม่มีแท็ก
คุณยังไม่ได้ล็อกอิน คุณสามารถมีกิจกรรมร่วมกับเว็บไซต์ได้ แต่ต้องล็อกอินก่อน ::
  ล็อกอิน

รายการสื่อสารสนเทศ

ลำดับที่ ประเภท เลขเรียก/บาร์โค้ด สถานที่ สถานะ
- ไม่พบข้อมูล -

รายการใกล้เคียง
    ผู้แต่ง [ผกา สัตยธรรม]

    หัวเรื่อง [ครู จรรยาบรรณ]

BibComment


ยังไม่เคยถูกคอมเมนท์

คอมเมนท์ทรัพยากรรายการนี้
  คอมเมนท์: คุณธรรมของครู ผกา..


 Copyright 2026. Bcnsprnw @Library